Convención del Partido Conservador celebrada en los días 29 de septiembre y siguientes de 1918, en Santiago de Chile
Gespeichert in:
| Körperschaft: | |
|---|---|
| Format: | Buch |
| Sprache: | Spanisch |
| Veröffentlicht: |
Santiago
Imprenta Cervantes
1918
|
| Ausgabe: | 1a. ed |
| Schlagworte: | |
| Tags: |
Tag hinzufügen
Keine Tags, Fügen Sie den ersten Tag hinzu!
|
MARC
| LEADER | 00000nam a2200000 a 4500 | ||
|---|---|---|---|
| 001 | UCJ5274 | ||
| 003 | CL-VaPUC | ||
| 008 | 070124e19180000CL |||||||||||||||||spa|d | ||
| 082 | 0 | 4 | |a 983 |b PAR |2 21 |
| 110 | 2 | |a Partido Conservador |e author |9 510293 | |
| 245 | 1 | 0 | |a Convención del Partido Conservador celebrada en los días 29 de septiembre y siguientes de 1918, en Santiago de Chile |
| 250 | |a 1a. ed | ||
| 300 | |a 430 p | ||
| 942 | |c BK | ||
| 945 | |d 20070124 00:00:00 |a rinostro | ||
| 260 | |a Santiago |b Imprenta Cervantes |c 1918 | ||
| 500 | |a Empastado en un volumen rotulado Actividades del Partido Conservador; ubicado en 983 BAR | ||
| 600 | 0 | 7 | |a PARTIDO CONSERVADOR |2 CL-VaPUC |9 436808 |
| 600 | 0 | 7 | |a GONZALEZ ERRAZURIZ, ALBERTO |2 CL-VaPUC |9 510294 |
| 650 | 0 | |a Partidos políticos |9 254999 | |
| 650 | 0 | |a Iconografía |9 267998 | |
| 650 | 0 | |a Historia de Chile |9 265473 | |
| 583 | |a last modification |c 20070124 00:00:00 |k Rodrigo Vera | ||
| 999 | |c 321384 |d 321382 | ||
| 952 | |0 0 |1 0 |4 0 |6 983_000000000000000_PAR_1918 |7 0 |8 X |9 400108 |a FDOBUD |b FDOBUD |d 2019-11-22 |i 1032291 |o 983 PAR 1918 |p 1032291 |r 2019-11-22 |w 2019-11-22 |y BK_X |k BUD | ||